| 000 | 00437nam a22001217a 4500 | ||
|---|---|---|---|
| 999 |
_c18773 _d18773 |
||
| 008 | 210210b xxu||||| |||| 00| 0 eng d | ||
| 050 |
_aGMP2394 _b.C44 2019 c.1 |
||
| 100 | _aChebwogen Judith | ||
| 245 |
_aFabrication and characterization of Cobalt pigmented anodized Zinc for photocatalytic application _cJudith Chebwogen |
||
| 260 |
_aKabarak, Nakuru, Kenya _bKabarak, Nakuru, Kenya _c2019 |
||
| 300 | _a93 leaves | ||
| 942 |
_2lcc _cTHE |
||